000 00466nam a22001937a 4500
003 OSt
005 20250523161046.0
008 250513b |||||||| |||| 00| 0 eng d
020 _a9789388902816
040 _cddc
082 _a617 R0
100 _aBhattacharya SK
245 _aShort Cases in Surgery
250 _a7th
260 _aNew Delihi
_bCBS Publishers & Distributors
_c2020
650 _vPhysiotherapy
_xSurgery
942 _cBK
_2ddc
999 _c249047
_d249047